| 000 | 01261cam a2200325 a 4500 | ||
|---|---|---|---|
| 999 |
_c1257 _d1257 |
||
| 001 | 13984848 | ||
| 003 | GZU | ||
| 005 | 20201001103944.0 | ||
| 008 | 050527s2005 enka b 001 0 eng | ||
| 010 | _a 2004099537 | ||
| 015 |
_aGBA478437 _2bnb |
||
| 016 | 7 |
_a013028487 _2Uk |
|
| 020 | _a0761958126 (pbk.) | ||
| 035 | _a(OCoLC)ocm56912190 | ||
| 040 |
_aUKM _cUKM _dBWKUK _dOCL _dBAKER _dDLC |
||
| 042 | _alccopycat | ||
| 050 | 0 | 0 |
_aH 62 _b.PUN 1998 |
| 100 | 1 |
_aPunch, Keith. _eauthor |
|
| 245 | 1 | 0 |
_aIntroduction to social research : _bquantitative and qualitative approaches / _cKeith F. Punch. |
| 260 |
_aLondon ; _aThousand Oaks, Calif. : _bSAGE, _c1998. |
||
| 300 |
_axv, 319p. : _bill. ; _c25 cm. |
||
| 504 | _aIncludes bibliographical references and index. | ||
| 650 | 0 |
_aSocial sciences _xResearch. |
|
| 856 | 4 | 2 |
_3Publisher description _uhttp://www.loc.gov/catdir/enhancements/fy0657/2004099537-d.html |
| 856 | 4 | 1 |
_3Table of contents only _uhttp://www.loc.gov/catdir/enhancements/fy0657/2004099537-t.html |
| 906 |
_a7 _bcbc _ccopycat _d3 _encip _f20 _gy-gencatlg |
||
| 942 |
_2lcc _cBK _h62 _iPUN _kH |
||